Mots de la langue française terminés par "tine" - Statistiques

Statistiques générales
  • Ce quiz a été pris 235 fois
  • Le résultat moyen est 18 sur 30
Statistiques - réponses
Question Réponse % Correct
pays d'Amérique du sud Argentine
98%
prénom ou mandarine Clémentine
92%
président russe Poutine
91%
poison du tabac nicotine
90%
instrument utilisé pour décapiter, introduit sous la Révolution Française guillotine
89%
chaussure montante bottine
87%
chanson enfantine comptine
87%
prénom Martine
82%
partie de l'oeil rétine
82%
toast tartine
80%
mamelle tétine
80%
poète prénommé Alphonse Lamartine
75%
mess cantine
68%
habitude routine
68%
crustacé langoustine
62%
métal précieux platine
61%
maladie scarlatine
56%
plomb pour la chasse au gros gibier chevrotine
55%
prénom ou fleur Eglantine
49%
d'Amérique du sud latine
48%
prénom de la mère de Cosette Fantine
47%
pâtisserie composée d'amandes grillées et de sucre caramélisé nougatine
45%
réparation rustine
42%
prénom Justine
36%
prénom Valentine
33%
habitante de Besançon Bisontine
32%
prénom Christine
32%
prénom Augustine
19%
région d'Asie Palestine
18%
association collective d'épargne viagère. tontine
16%
Aucun quiz correspondant
Distribution des résultats
% des personnes avec chaque résultat
Percentile par nombre de réponses
Votre historique - résultats
Vous n’avez pas pris ce quiz